Survivor Contestants' Names Beginning with A Quiz Stats

 Plays Quiz not verified by Sporcle

Score 0/34 Timer 04:00
0 Plays Today
Season Name % Correct
FijiAlex Angarita
92.9%
AmazonAlex Bell
92.9%
Millennials vs Gen XAdam Klein
91.3%
ChinaAshley Massaro
89.9%
SamoaAshley Trainer
89.9%
Redemption IslandAshley Underwood
89.9%
VanuatuAmi Cusack
89.8%
AustraliaAlicia Calaway
88.9%
One WorldAlicia Rosa
88.9%
CagayanAlexis Maxwell
88.8%
ChinaAmanda Kimmel
88.5%
PanamaAras Baskauskas
88.4%
ChinaAaron Reisberger
88.3%
AustraliaAmber Brkich
87.6%
MicronesiaAlexis Jones
86.6%
Redemption IslandAndrea Boehlke
86.3%
PhilippinesAbi-Maria Gomes
84.6%
Season Name % Correct
PhilippinesAngie Layton
83.1%
Cook IslandsAdam Gentry
82.7%
GuatemalaAmy O'Hara
82%
PalauAngie Jakusz
81.7%
Pearl IslandsAndrew Savage
81.5%
Kaôh RongAnna Khait
80.4%
CaramoanAlexandra 'Allie' Pohevitz
80%
Kaôh RongAubry Bracco
79.7%
GabonAce Gordon
79.4%
Kaôh RongAlecia Holden
79.1%
San Juan del SurAlec Christy
78.9%
PhilippinesArtis Silvester
76.1%
South PacificAlbert Destrade
75.5%
PanamaAustin Carty
74.3%
NicaraguaAlina Wilson
72.8%
PalauAshlee Ashby
70.1%
FijiAnthony Robinson
60.9%

You're not logged in!

Compare scores with friends on all Sporcle quizzes.
OR
Log In

Sporcle TV

Today on Sporcle TV


Watch our educational content, quiz creation guides, and fun videos on Sporcle TV.

Show Comments

Extras

Top Quizzes Today


Score Distribution

Your Account Isn't Verified!

In order to create a playlist on Sporcle, you need to verify the email address you used during registration. Go to your Sporcle Settings to finish the process.

Report this User

Report this user for behavior that violates our Community Guidelines.

Details: